Responses for Show #2510 - Friday, June 30, 1995

David Siegel game 4.

Contestants

[<< previous game]

Marc Swisdak, a graduate student from Adelphi, Maryland

Jane Beezley, a retired teacher from Columbia, Missouri

David Siegel, a paralegal from Los Angeles, California (whose 3-day cash winnings total $49,600)

[next game >>]

Jeopardy! Round responses

U.S. BODIES OF WATER
THE OSCARS
TOOL TIME
1939
ETIQUETTE
FILE UNDER "M"
    $100 12
the Mississippi

David
    $100 21
the shortest one on record

Jane
    $100 22
wrenches

Jane
    $100 11
Hitler

Marc
    $100 6
a napkin

David
    $100 1
a megaphone

Jane
    $200 13
the Potomac River

Marc
    $200 24
John Huston

David
    $200 23
corkscrew

Marc
    $200 14
the Spanish Civil War

David
    $200 7
a corsage

David
    $200 2
Mephistopheles

David
    $300 16
Puget Sound

Marc
    $300 25
Forrest Gump

Marc
    $300 27
a plunger

Jane
    $300 15
(Marc: What is Calais?)
(David: What is The Hague?)

Marseilles

DavidMarc
Triple Stumper
    $300 8
(Marc: What is bridesgroom?)

an usher

JaneMarc
    $300 3
a monk

Jane
    $400 17
Maine

Marc
    $400 26
Helen Keller

Jane
    $400 28
(David: What is a spatula?)

a squeegee

DavidJane
    $400 19
Lou Gehrig

David
    $400 9
a tally ho

Jane
    $400 4
mineral oil

Triple Stumper
    $500 18
Prudhoe Bay

Marc
    $500 30
(David: Who is Jean Harlow?)

Janet Gaynor

DavidJane
    $500 29
a pick (a pickax)

Jane
    $1,000 20
William Douglas

David
    $500 10
a finger bowl

David
    $500 5
a Marcel

David

Scores at the first commercial break (after clue 15):

David Jane Marc
$1,500 $1,100 -$300

Scores at the end of the Jeopardy! Round:

David Jane Marc
$2,200 $3,400 $1,400

Double Jeopardy! Round responses

COUNTRIES OF THE WORLD
WOMEN AUTHORS
INVENTORS
BATTLES
MUSIC APPRECIATION
SCULPTORS
    $200 1
Egypt

Jane
    $200 6
Agatha Christie

Marc
    $200 8
Marconi

Marc
    $200 29
the Battle of New Orleans

Marc
    $200 7
a tambourine

Jane
    $200 21
doors

Jane
    $400 2
Greece

Jane
    $400 22
Ann(e)

David
    $400 16
George Eastman

David
    $400 30
Richard III

David
    $400 28
bamboo

Marc
    $400 20
Nelson's Column

Marc
    $600 3
(Jane: What is Vatican City?)

San Marino

JaneMarc
    $600 9
Amy Tan

David
    $600 17
Edison

Marc
    $600 27
the Crimean War

Marc
    $600 12
Scott Joplin

David
    $600 15
fountains

Jane
    $800 4
Suriname

David
    $800 10
Daphne du Maurier

David
    $800 18
(Charles) Goodyear

Marc
    $800 24
the Marne

David
    $800 13
Walt Whitman

David
    $800 25
Roy Lichtenstein

David
    $1,500 5
Thailand

David
    $1000 11
(Carolyn) Keene

Marc
    $4,000 19
(Wilhelm) Roentgen

Marc
    $1000 23
(Jane: What's the Battle of the Alamo?)

the Battle of San Jacinto

JaneMarc
    $1000 14
Segovia

Marc
    $1000 26
Claes Oldenburg

David

Scores at the end of the Double Jeopardy! Round:

David Jane Marc
$11,100 $3,400 $12,400

[wagering suggestions for these scores]

Final Jeopardy! Round responses

FAMOUS AMERICANS
(Alex: [To viewers] We know that he died the following day in New York.)
...
(Alex: [To Jane] Killed in a duel with Aaron Burr.)
JaneWho is A Hamilton
$200
DavidWho was Alexander Hamilton
$11,000
MarcWho was Aaron Burr?
$10,000
Alexander Hamilton

Final scores:

David Jane Marc
$22,100 $3,600 $2,400
4-day champion: $71,700 2nd place: Berkline Wallaway sofa + Wallpapers to Go gift certificate + Jeopardy! Sports Edition for home computer or Super Nintendo Entertainment System 3rd place: Astral crystalware + Jeopardy! Sports Edition for home computer or Super Nintendo Entertainment System

Game dynamics:

Coryat scores:

David Jane Marc
$10,100 $3,400 $9,400
22 R
(including 2 DDs),
3 W
16 R,
2 W
20 R
(including 1 DD),
2 W

Combined Coryat: $22,900

[game clues] [game scores] [suggest correction]

Game tape date: 1995-02-14
The J! Archive is created by fans, for fans. Scraping, republication, monetization, and malicious use prohibited; this site may use cookies and collect identifying information. See terms. The Jeopardy! game show and all elements thereof, including but not limited to copyright and trademark thereto, are the property of Jeopardy Productions, Inc. and are protected under law. This website is not affiliated with, sponsored by, or operated by Jeopardy Productions, Inc. Join the discussion at JBoard.tv.